000 00763nmm a2200253 a 4500
001 ocm000891533
003 TR-IsHL
005 20201028144743.0
008 141121s[201 tu tur
007 cr cn
035 _a891533
_b(N$T)
050 0 4 _aR725.5
_b.K87 [201?]
090 0 4 _aR725.5
_b.K87 [201?]
245 1 0 _aKürtaj
_h[electronic resource] /
_chazırlayan Aycan Türk
260 _aİstanbul :
_bKafekültür Yayıncılık,
_c[201?]
300 _a18 p.
650 4 _aTıp
650 4 _aMedicine
650 0 _aKürtaj
650 0 _aAbortion
650 7 _aSOCIAL SCIENCE / Abortion & Birth Control
_2bisacsh
700 1 _aTürk, Aycan
856 4 0 _uhttp://search.ebscohost.com/login.aspx?direct=true&scope=site&db=e011xww&AN=891533
999 _c9595
_d9595